| 000 | 01177nmc a2200397 a 4500 | ||
|---|---|---|---|
| 003 | AR-BaBNM | ||
| 005 | 20251128204926.0 | ||
| 008 | 011101s1995 ||||||||||||||000 | spa|| | ||
| 020 | _a84-277-0624-3 | ||
| 040 | _cAR-BaBNM | ||
| 100 | 1 | _aMora, Juan Antonio | |
| 245 | 1 | 0 | _aAcción tutorial y orientación educacional |
| 250 | _a4ª ed. | ||
| 260 |
_aMadrid _bNarcea _c1995 |
||
| 300 | 0 |
_a173 p. _btablas, diagr.,gráfs. |
|
| 490 | 0 | _aEducación hoy | |
| 500 | 0 | _aLOGSE: Ley de Ordenación General del Sistema Educativo | |
| 504 | _aLa bibliografía se encuentra al final de cada capítulo | ||
| 650 | 4 | _aPROFESORES-TUTORES | |
| 650 | 4 | _aDIAGNOSTICO EDUCACIONAL | |
| 650 | 4 | _aASESORAMIENTO DE GRUPO | |
| 650 | 4 | _aTEORIAS DE LA ORIENTACION | |
| 650 | 4 | _aORIENTACION PROFESIONAL | |
| 650 | 4 | _aPRUEBAS DE DIAGNOSTICO | |
| 650 | 4 | _aDESARROLLO COGNOSCITIVO | |
| 650 | 4 | _aTECNICAS DIDACTICAS | |
| 650 | 4 | _aPLANIFICACION | |
| 650 | 4 | _aRELACION FAMILIA-ESCUELA | |
| 650 | 4 | _aTUTORIA | |
| 651 | 4 | _aEspaña | |
| 653 | 0 | _aORIENTACION EDUCATIVA | |
| 653 | 0 | _aEDUCACION GENERAL BASICA | |
| 653 | 0 | _aEDUCACION SECUNDARIA | |
| 942 | _cBK | ||
| 998 | _cSILVI | ||
| 999 |
_c9353 _d9353 |
||